000 00325 a2200145 4500
001 174209
020 _a
040 _cMagnum
100 _aKamii, Constance
240 1 0 _aJogos em grupo na educacao infantil
_lpor
245 1 0 _aJogos em grupo na educacao infantil
362 0 _a1899
697 _aPEDAGOGIA
942 _cBK
999 _c174209
_d174209